000 00449nam a22001337a 4500
008 131213b xxu||||| |||| 00| 0 eng d
050 _aBX2350.2.G226 2004
100 _aGardner, Fiona
_95713
245 _aJourneying Home
_bUnlocking the Door to Spiritual Recovery
_cFiona Gardner
260 _aLondon
_bDarton, Longman and Todd
_c2004
300 _aviii, 166p. ;
_c22cm.
650 _aChristian life
_xCatholic authors
_95714
942 _2lcc
_cMONOGRAPH
999 _c119266
_d119266